| 000 | 00000nam##2200000za#4500 |
| 001 | 9.641068 |
| 003 | CaOODSP |
| 005 | 20210624223006 |
| 007 | cr ||||||||||| |
| 008 | 150407|2013||||xxc|||||o f|0| 0 fre|d |
| 020 | |a978-0-662-70959-6 |
| 040 | |aCaOODSP|bfre |
| 043 | |an-cn--- |
| 086 | 1 |aA118-10/22-2012F-PDF |
| 110 | 1 |aCanada. |bAgriculture et agroalimentaire Canada. |bCentre de lutte antiparasitaire. |
| 245 | 10|aProfil de la culture de la pomme de terre au Canada, 2011 / |h[ressource électronique]|cPréparé par Programme de réduction des risques liés aux pesticides, Centre pour la lutte antiparasitaire. |
| 260 | |aOttawa - Ontario : |bAgriculture et Agroalimentaire Canada. |c2013. |
| 300 | |a88p.|bcarte en couleur, références, tableaux |
| 590 | |a13-13|b2013-03-28 |
| 691 | 07|aCultures maraîchères|2gcpds |
| 775 | 08|tCrop profile for potato in Canada, 2011 / |w(CaOODSP)9.696994 |
| 856 | 40|ahttp://publications.gc.ca|qPDF|s2.11 MB|uhttps://publications.gc.ca/collections/collection_2013/aac-aafc/A118-10-22-2012-fra.pdf |
| 986 | |aNo d’AAC : 11948F |